New economics in turism marketing

Technológia na jednej strane a neustále sa zvyšujúci význam vedomostí na strane druhej. Vývoj vzdelávania na Slovensku. Nová ekonomika, vedomostná ekonomika. Úlohy marketingu cestovného ruchu v novej ekonomike. Využitie nových technológií. Snaha budovať dobré vzťahy so zákazníkmi. Význam práce s ver...

Ausführliche Beschreibung

Gespeichert in:
Bibliographische Detailangaben
1. Verfasser: Mihalčová, Bohuslava, 1963-
Weitere Verfasser: Droppa, Milan
Format: Buchkapitel
Sprache:Englisch
Schlagworte:
Tags: Tag hinzufügen
Keine Tags, Fügen Sie das erste Tag hinzu!

MARC

LEADER 00000naa$a2200000$$$4500
001 0053578
005 20240502083136.9
041 0 |a eng 
044 |a PL 
245 1 0 |a New economics in turism marketing  |c Bohuslava Mihalčová, Milan Droppa 
520 |a Technológia na jednej strane a neustále sa zvyšujúci význam vedomostí na strane druhej. Vývoj vzdelávania na Slovensku. Nová ekonomika, vedomostná ekonomika. Úlohy marketingu cestovného ruchu v novej ekonomike. Využitie nových technológií. Snaha budovať dobré vzťahy so zákazníkmi. Význam práce s verejnosťou. Podmienky úspechu malých a stredných podnikov v podnikaní v cestovnom ruchu. 
610 2 0 |a ekonomika nová 
610 2 0 |a ekonomika vedomostná 
610 2 0 |a marketing 
610 2 0 |a ruch cestovný 
610 2 0 |a práca s verejnosťou 
610 2 0 |a zákazníci 
610 2 0 |a vzdelávanie 
610 2 0 |a podnik malý 
610 2 0 |a podnik stredný 
100 1 |a Mihalčová, Bohuslava, 1963- 
700 1 |a Droppa, Milan